| 000 | 00632nam a2200205Ia 4500 | ||
|---|---|---|---|
| 003 | OSt | ||
| 005 | 20260331154339.0 | ||
| 008 | 210210b1966 xxu||||| |||| 00| 0 eng d | ||
| 040 | _cAL | ||
| 041 | _aHindi | ||
| 082 | _aH891.9 BAKK | ||
| 100 |
_aBAKSHI (Ramesh). _dरमेश बख्शी _9259873 |
||
| 245 |
_akahaniyon mein autsukya ka anutatva _b कहानियों में औत्सुक्य का अनु तत्व |
||
| 260 |
_aAgra _bSarasvati Pustak Sadan _c1966 |
||
| 300 | _a99 | ||
| 650 |
_a(curiosity) _9259874 |
||
| 690 |
_aHindi Criticism _9259875 |
||
| 906 | _a029395 | ||
| 942 |
_2ddc _cBK |
||
| 999 |
_c80616 _d80616 |
||